La gestión de calidad en educación

Uloženo v:
Podrobná bibliografie
Hlavní autor: López Rupérez, Francisco (autor)
Médium: Kniha
Jazyk:španělština
Vydáno: Madrid La Muralla 1994
Edice:Colección Aula Abierta
Témata:
Tagy: Přidat tag
Žádné tagy, Buďte první, kdo vytvoří štítek k tomuto záznamu!

MARC

LEADER 00000nam a2200000 a 4500
001 UCQ4033
003 CL-VaPUC
008 980829e19940000SP |||||||||||||||||spa|d
082 0 4 |a 379.2  |b LOP  |2 21 
100 |a López Rupérez, Francisco  |e autor  |9 462841 
245 1 3 |a La gestión de calidad en educación 
300 |a 167 p 
942 |c BK 
945 |d 19980829 00:00:00  |a aarredon 
260 |a Madrid  |b La Muralla  |c 1994 
650 0 |a Gestión educacional   |9 261035 
650 0 |a Planificación de la educación   |9 307333 
650 0 |a Currículo  |9 307290 
650 0 |a Metodología   |9 256610 
650 0 |a Administración  |9 259325 
650 0 |a Organización  |9 256369 
650 0 |a Calidad de la educación   |9 307271 
583 |a last modification  |c 19980829 00:00:00  |k Rodrigo Vera 
490 0 |a Colección Aula Abierta 
999 |c 274531  |d 274529 
952 |0 0  |1 0  |4 0  |6 379_200000000000000_LOP_1994  |7 0  |8 A  |9 310728  |a BIBEDU  |b BIBEDU  |d 2019-11-20  |i 345813K  |o 379.2 LOP 1994  |p 345813K  |r 2019-11-20  |w 2019-11-20  |y BK  |k LIT